أطفال وشباب ذوو احتياجات خاصة : (رقم التسجيلة. 29611)

تفاصيل مارك
000 -الفاتح
حقل البيانات ثابتة الطول 00717nam a22002057a 4500
003 - محدد رقم الضبط
رقم الضبط OSt
005 - وقت وتاريخ اخر تعامل مع التسجيلة
رقم الضبط 20150408114131.0
008 - عناصر البيانات ثابتة الطول - معلومات عامة
حقل البيانات ثابتة الطول 130415s2008 le ||||g |||| 00| 0 ara d
020 ## - الرقم الدولى المعيارى للكتب
الرقم الدولى المعيارى للكتاب 9789953635132
040 ## - مصدر الفهرسة
وكالة الفهرسة الأصلية MU
لغة الفهرسة ara
082 04 - رقم تصنيف ديوى العشرى
رقم الطبعة 21
رقم التصنيف 371.95
رقم المادة أ ر أ
100 1# - المدخل الرئيسى - إسم شخصى
الإسم الشخصى أبو شقرا، رجا
9 (RLIN) 35260
245 10 - بيان العنوان
العنوان أطفال وشباب ذوو احتياجات خاصة :
بقية العنوان قادرون، وموهوبون مميزون /
بيان المسئوليه,etc رجا أبو شقرا.
250 ## - بيان الطبعة
بيان الطبعة ط. 1.
260 ## - PUBLICATION, DISTRIBUTION, ETC. (IMPRINT)
مكان الناشر او الموزع بيروت :
اسم الناشر او الموزع دار العلم للملايين،
تاريخ النشر أو التوزيع 2008
-- [1428]
300 ## - الوصف المادى
التعداد 328 ص. ؛
أبعاد الوعاء 24 سم.
650 #4 - المدخل الاضافى بالموضوع-مصطلح موضوعى
مصطلح موضوعي أو اسم جغرافي كعنصر مدخل التعليم الخاص
650 #4 - المدخل الاضافى بالموضوع-مصطلح موضوعى
مصطلح موضوعي أو اسم جغرافي كعنصر مدخل الأطفال الموهوبون
التقسيم الفرعي العام تعليم
9 (RLIN) 22036
942 ## -
-- ddc
-- BOOK
999 ## -
-- 29611
-- 264111
المقتنيات
حالة الفقد نموذج السعر الفعال حالة تلف ليس للاعارة رقم الطلب تاريخ الاكتساب Serial Enumeration / chronology الباركود الفرع الرئيسي Date last seen نوع المادة فى نظام كوها مصدر التصنيف او خطة الترفيف Total Checkouts
  2013-09-08     371.95 أ ر أ 2013-09-08 CL 00115918 المكتبة المركزية بالمجمعة (CL) 2013-09-08 كتاب Dewey Decimal Classification  
  2013-09-08     371.95 أ ر أ 2013-09-08 CL 00115919 المكتبة المركزية بالمجمعة (CL) 2013-09-08 كتاب Dewey Decimal Classification  
  2013-09-08     371.95 أ ر أ 2013-09-08 CL 00115920 المكتبة المركزية بالمجمعة (CL) 2013-09-08 كتاب Dewey Decimal Classification